Longest Living US Presidents - Statistics

General Stats
  • This quiz has been taken 139 times
    97 since last reset
  • The average score is 8 of 9
Answer Stats
Date Died Age Answer % Correct
November 30th 2018 94 George H W Bush
100%
Still Alive 96 Jimmy Carter
99%
June 5th 2004 93 Ronald Reagan
99%
December 26th 2006 93 Gerald Ford
95%
December 26th 1972 88 Harry S Truman
89%
July 4th 1826 83 Thomas Jefferson
89%
July 4th 1826 90 John Adams
88%
June 23rd 1836 85 James Madison
80%
October 26th 1964 90 Herbert Hoover
79%
No matching quizzes found
Score Distribution
Percent of People with Each Score
Percentile by Number Answered
Your Score History
You have not taken this quiz since the last reset